000 00415nam a2200145 i 4500
001 bg
100 1 _aMUSZALSKI, W.
245 0 _aIstota przepisów i zasad BHP /
_cW. Muszalski.
260 _aWarszawa,
_c1987.
040 _cBPK
041 _apol
942 _cKS
008 s pl f |000 0 pol
856 _uhttp://koha.tu.koszalin.pl/cgi-bin/koha/opac-detail.pl?biblionumber=3455
_yKatalog online BPK
999 _c3455
_d3455